|
|
|
|
| LEADER |
00628cam a2200157 7i4500 |
| 001 |
0000024568 |
| 005 |
20100802090000.0 |
| 090 |
0 |
0 |
|a PHOT 338.7
|b MAL (CD)
|
| 110 |
2 |
0 |
|a Macao Trade and Investment Promotion Institute
|
| 245 |
2 |
0 |
|a 14th Macao International Trade and Investment Fair (MIF) :
|b (22-25 October 2009, Macao : China).
|
| 300 |
# |
# |
|a 6 Photography:
|b col.;
|c 1 CD-RW.
|
| 500 |
0 |
0 |
|a Photographs
|
| 650 |
0 |
0 |
|a MATRADE --
|x Photograph collection --
|x 2009
|
| 650 |
0 |
0 |
|a Edison Choong Wan Sern
|
| 650 |
0 |
0 |
|a Macao International Trade and Investment Fair --
|x 2009
|
| 999 |
|
|
|a PC00000679
|b Photographs
|c Photographs
|e Business Information Centre
|